header

Quantum physics for dummies (Record no. 42924)

MARC details
000 -LEADER
fixed length control field 01466nam a2200325 a 4500
082 04 - DEWEY DECIMAL CLASSIFICATION NUMBER
Classification number 539
100 1# - MAIN ENTRY--AUTHOR NAME
Personal name Holzner, Steven.
245 10 - TITLE STATEMENT
Title Quantum physics for dummies
250 ## - EDITION STATEMENT
Edition statement Rev. ed.
260 ## - PUBLICATION, DISTRIBUTION, ETC. (IMPRINT)
Place of publication Hoboken, N.J. :
Name of publisher John Wiley & Sons, Inc.,
Year of publication 2013.
300 ## - PHYSICAL DESCRIPTION
Number of Pages xiv, 318 p. :
Other physical details ill.
500 ## - GENERAL NOTE
General note Includes index.
505 0# - FORMATTED CONTENTS NOTE
Formatted contents note pt. I. Small world, huh? : essential quantum physics -- pt. II. Bound and undetermined : handling particles in bound states -- pt. III. Turning to angular momentum and spin -- pt. IV. Multiple dimensions : going 3D with quantum physics -- pt. V. Group dynamics : introducing multiple particles -- pt. VI. The part of tens.
650 #0 - SUBJECT ADDED ENTRY--TOPICAL TERM
Topical Term Quantum theory.
856 40 - ELECTRONIC LOCATION AND ACCESS
Uniform Resource Identifier http://site.ebrary.com/lib/rucke/Doc?id=10645249

No items available.

© 2026 Rongo University
Contact us: librarian | system librarian | Rongo university